000 00428pab a2200169 454500
008 180718b2011 xxu||||| |||| 00| 0 eng d
100 _aRodrigues, Valerian
245 _aIn search of an anchor: Muslim thought in modern India
260 _c2011
300 _ap.43-58.
362 _a3 Dec
650 _aIslamic law - India
650 _aMuslims
773 _aEconomic and Political Weekly
908 _aN
909 _a94512
999 _c94512
_d94512